Revista de Enfermería.

সংরক্ষণ করুন:
গ্রন্থ-পঞ্জীর বিবরন
বিন্যাস: সাময়িক পত্র
প্রকাশিত: CL. Colegio de Enfermeras de Chile.
ট্যাগগুলো: ট্যাগ যুক্ত করুন
কোনো ট্যাগ নেই, প্রথমজন হিসাবে ট্যাগ করুন!

MARC

LEADER 00000nas a2200000 a 4500
001 408rev
003 CL-ChBUA
005 20120815104103.0
008 070812s cl 000 0 spa
022 |a 0378-6285 
040 |a CL-ChBUA  |c CL-ChBUA 
090 |c 22044  |d 22044 
245 1 |a Revista de Enfermería. 
260 |a CL.  |b Colegio de Enfermeras de Chile. 
300
310 |a Mensual. 
942 |c REVI 
952 |0 0  |1 0  |2 ddc  |4 0  |6 VOL___35_N_113000000000000_200  |7 0  |9 44492  |a UNACH  |b UNACH  |d 2007-08-13  |l 0  |o Vol. 35 N° 113 2000  |p 45585  |r 2012-08-08  |w 2012-08-08  |y REVI 
952 |0 0  |1 0  |2 ddc  |4 0  |6 VOL___35_N_114000000000000_200  |7 0  |9 44493  |a UNACH  |b UNACH  |d 2007-08-13  |l 0  |o Vol. 35 N° 114 2000  |p 45586  |r 2012-08-08  |w 2012-08-08  |y REVI 
952 |0 0  |1 0  |2 ddc  |4 0  |6 VOL___35_N_115000000000000_200  |7 0  |9 44494  |a UNACH  |b UNACH  |d 2007-08-13  |l 0  |o Vol. 35 N° 115 2000  |p 45587  |r 2012-08-08  |w 2012-08-08  |y REVI 
999 |c 22044  |d 22044